| 000 -GUIDE |
| Champ de contrôle de longueur fixe |
01160nam a22002417a 4500 |
| 003 - IDENTITÉ DU NUMÉRO DE CONTRÔLE |
| Champ de contrôle |
BI-BuBU |
| 008 - ÉLÉMENTS DE LONGUEUR FIXE - RENSEIGNEMENTS GÉNÉRAUX |
| Champ de contrôle de longueur fixe |
230619b2 b fr|||| 00| 0 fre d |
| 037 ## - SOURCE D'ACQUISITION |
| Source d'acquisition et du numéro d'inventaire |
Don |
| 039 ## - NIVEAU DE CONTRÔLE BIBLIOGRAPHIQUE ET HISTORIQUE D'ENCODAGE [OBSOLETE] |
| Date creation |
20230619152543.0 |
| Nom catalographe |
Fulgence Hakizimana |
| 040 ## - SOURCE DU CATALOGAGE |
| Organisme qui a effectué le catalogage original |
BI-BuBU |
| Code de la langue utilisée dans le catalogage |
fre |
| Organisme qui a effectué la transcription |
BI-BuBU |
| 080 ## - INDICE DE LA CLASSIFICATION DÉCIMALE UNIVERSELLE (CDU) |
| Indice de la Classification décimale universelle |
551.49 . |
| 100 10 - VEDETTE PRINCIPALE - NOM DE PERSONNE |
| Code de relation |
aut. |
| Nom de personne |
Ngabirano, Jean Bosco |
| 245 10 - MENTION DU TITRE |
| Titre |
Analyse critique des mésures de gestion adoptées face aux risques hydrologiques en Mairie de Bujumbura |
| Reste du titre |
cas de la commune Ntahangwa |
| Mention de responsabilité, etc. |
Jean Bosco Ngabirano ; Aloys Ndayisenga, directeur |
| 260 ## - PUBLICATION, DIFFUSION, ETC. (ADRESSE BIBLIOGRAPHIQUE) |
| Lieu de publication, diffusion, etc. |
Bujumbura |
| Nom de l'éditeur, diffuseur, etc. |
Université du Burundi, Faculté des lettres et sciences humaines, Master«société, pouvoirs, territoires et développement durable» (SPTD) |
| Date of publication, distribution, etc |
2022 |
| 300 ## - DESCRIPTION MATÉRIELLE |
| Collation |
XVII-100f. |
| Dimensions |
30cm |
| 500 ## - NOTE GÉNÉRALE |
| Note générale |
Mémoire présenté et défendu publiquement en vue de l'obtention du diplôme de Master en «société, pouvoirs, territoires et développement durable» (SPTD) |
| 650 7# - VEDETTE-MATIÈRE - NOM COMMUN |
| Source du terme |
BI-BuBU |
| Vedette de sujet ou vedette comportant un nom géographique |
Hydrologie. |
| Subdivision générale |
Risque. |
| Subdivision géographique |
Commune Ntahangwa. |
| 655 7# - TERME D'INDEXATION - GENRE OU FORME |
| Source du terme |
BI-BuBU |
| Terme non dominant |
Mémoire |
| 700 1# - VEDETTE SECONDAIRE - NOM DE PERSONNE |
| Code de relation |
dir. |
| Nom d'auteur |
Ndayisenga Aloys |
| 710 ## - VEDETTE SECONDAIRE - NOM DE COLLECTIVITÉ |
| Code de relation |
aut. |
| Nom de la collectivité ou nom de lieu comme élément de classement |
Université du Burundi |
| Collectivité subordonnée |
Faculté des sciences. |
| 942 ## - ÉLÉMENTS D'ENTRÉE ADDITIONNELLE (KOHA) |
| Source de la classification ou du système de rangement |
|
| Type d item koha |
Memoire |